Nghiên cứu chiết tách, xác định thành phần hóa học trong một số dịch chiết từ thân và lá chè vằng ở tỉnh Quảng Nam

Xác định hàm lượng, một số chỉ số vật lí, hóa học của dịch chiết thân và lá chè vằng thu hái ở tỉnh Quảng Nam. Xây dựng quy trình chiết, tách một số hợp chất hóa học của thân và lá chè vằng.

Gardado en:
Detalles Bibliográficos
Autor Principal: Đỗ Thị Ly
Outros autores: Đào Hùng Cường GS.TS. (Hướng dẫn)
Formato: Libro
Idioma:Vietnamese
Publicado: Đà Nẵng Đại học Đà Nẵng 2016
Những chủ đề:
Các nhãn: Engadir etiqueta
Sen Etiquetas, Sexa o primeiro en etiquetar este rexistro!
Thư viện lưu trữ: Mạng thư viện Đại học Đà Nẵng
LEADER 01778nam a2200361 4500
001 000024227
003 20713
005 20161222111213.0
008 161028s2016 viesd
041 |a vie 
082 1 4 |a 615.32387  |b ĐÔ-L 
100 1 |a Đỗ Thị Ly 
245 1 |a Nghiên cứu chiết tách, xác định thành phần hóa học trong một số dịch chiết từ thân và lá chè vằng ở tỉnh Quảng Nam  |c Đỗ Thị Ly ; Đào Hùng Cường hướng dẫn.  |k Luận văn Thạc sĩ 
260 |a Đà Nẵng  |b Đại học Đà Nẵng  |c 2016 
300 |a 75 tr. ; phụ lục 3 tr.  |c 29 cm.  |e Tóm tắt 
500 |a Luận văn thạc sĩ khoa học. Chuyên ngành: Hóa hữu cơ. Mã số: 60.44.01.14 
520 3 |a Xác định hàm lượng, một số chỉ số vật lí, hóa học của dịch chiết thân và lá chè vằng thu hái ở tỉnh Quảng Nam. Xây dựng quy trình chiết, tách một số hợp chất hóa học của thân và lá chè vằng. 
650 0 4 |a Cây chè vằng  |v Luận văn tốt nghiệp  |x Nghiên cứu chiết tách 
653 |a Thành phần hóa học 
653 |a Hóa hữu cơ 
653 |a Dịch chiết 
653 |a Cây chè vằng 
700 1 |a Đào Hùng Cường  |c GS.TS.  |e Hướng dẫn 
OWN |a LSP 
AVA |a UDN50  |b LSP  |d 615.32387 ĐÔ-L  |e available  |t Error 5001 Not defined in file expand_doc_bib_avail.  |f 1  |g 0  |h N  |i 0  |k 1 
999 |a From the UDN01 
AVA |a UDN50  |b LSP  |d 615.32387 ĐÔ-L  |e available  |t Error 5001 Not defined in file expand_doc_bib_avail.  |f 1  |g 0  |h N  |i 0  |k 1 
TYP |a Monograph 
TYP |a Printed language 
980 |a Mạng thư viện Đại học Đà Nẵng